Hiệu năng của nền hành chính trong công cuộc phát triển quốc gia tại Việt Nam Cộng Hòa
Uloženo v:
| Hlavní autor: | |
|---|---|
| Médium: | Kniha |
| Jazyk: | Undetermined |
| Vydáno: |
Sài Gòn
Trường Cao Đẳng Quốc Phòng
1973
|
| Témata: | |
| Tagy: |
Přidat tag
Žádné tagy, Buďte první, kdo otaguje tento záznam!
|
| Thư viện lưu trữ: | Trung tâm Học liệu Trường Đại học Cần Thơ |
|---|
| LEADER | 00671nam a2200181Ia 4500 | ||
|---|---|---|---|
| 001 | CTU_26358 | ||
| 008 | 210402s9999 xx 000 0 und d | ||
| 082 | |a 351 | ||
| 082 | |b M107 | ||
| 100 | |a Nguyễn Văn Mãnh | ||
| 245 | 0 | |a Hiệu năng của nền hành chính trong công cuộc phát triển quốc gia tại Việt Nam Cộng Hòa | |
| 245 | 0 | |c Nguyễn Văn Mãnh | |
| 260 | |a Sài Gòn | ||
| 260 | |b Trường Cao Đẳng Quốc Phòng | ||
| 260 | |c 1973 | ||
| 650 | |a development countries,public adminstration | ||
| 904 | |i Nguyễn Quang Điền, 981013 | ||
| 980 | |a Trung tâm Học liệu Trường Đại học Cần Thơ | ||